00579nam a22001817a 450000500170000001000260001702000260004303500140006903500140008303700130009708200120011010000280012224500850015026000390023527000780027430000260035250000190037820241025172538.0 aENG-125706 ENG-142439 a9789381345412c595.00 aEN-109238 aEN-125971 bDBAD/PUB a320.092 aShepherd, Kancha Ilaiah aFrom a Shepherd Boy to an Intellectual:bMy Memoirs/cby Kancha Ilaiah Shepherd  aNew DelhibSage Publicationsc2018 aB1/1-1, Mohan Cooperative Industrial AreabMathura Road,New Delhie110044 axvii,359p.c22cm(pbk) aIncludes index